000 00628nam a2200205Ia 4500
001 21432
003 GE_BSU
008 181216s||||||||xx |||||||||||||| ||und||
040 _cGE_BSU
080 _aპერიოდიკა
245 _aИнновации в образовании, №8 Август 2017.
245 _cГл.ред.И.В. Сыромятников
260 _aМосква
260 _c2017
300 _a129 стр. 25см.
653 _aИнновации в образовании, №8 Август 2017.
653 _aПериодика
653 _aპერიოდიკა
942 _cCR
999 _c54376
_d54376